000
00371nam a2200121Ia 4500
008
191206s9999 xx 000 0 und d
090
_a
Q127A4
245
0
_a
Science in Africa: Interviews with African Scientists
260
_a
AAAS Sub-Saharan Africa Program
260
_c
cc1994
300
_a
"vii, 176 p. : ill. ; 23 cm."
999
_c
16863
_d
16863